000 00658nam a2200253Ia 4500
005 20260121161249.0
008 008 260114s9999 xx 000 0 eng d
020 _a9781003181361
037 _aEBOOK
040 _aCRL
040 _beng
040 _cCRL
041 _2eng
041 _aeng
084 _qCRL
100 _aNecip Doganaksoy; William Q. Meeker; Gerald J. Hahn
_91042234
245 0 _aAchieving Product Reliability:A Key to Business Success
260 _bTaylor and Francis
260 _c2021
856 _uhttp://www.taylorfrancis.com/books/9781003181361
942 _cEBOOK
999 _c1609050
_d1609050